LIBRARY & INFORMATION CENTRE, KCAET, TAVANUR

ONLINE PUBLIC ACCESS CATALOGUE (OPAC)

Physical metallurgy for engineers / (Record no. 10946)

MARC details
000 -LEADER
fixed length control field 00470cam a2200181ua 4500
041 ## - LANGUAGE CODE
Language code of text/sound track or separate title eng
082 ## - DEWEY DECIMAL CLASSIFICATION NUMBER
Classification number 669
Item number CLA/PH
100 ## - MAIN ENTRY--AUTHOR NAME
Personal name Clark, Donald S .
245 ## - TITLE STATEMENT
Title Physical metallurgy for engineers /
260 ## - PUBLICATION, DISTRIBUTION, ETC. (IMPRINT)
Place of publication New York :
Name of publisher Van Nostrand Reinhold Company ,
Year of publication 1963.
300 ## - PHYSICAL DESCRIPTION
Number of Pages 629 ; .
700 1# - ADDED ENTRY--PERSONAL NAME
Personal name Varney, Wilbur .
942 ## - ADDED ENTRY ELEMENTS (KOHA)
Koha item type Books
Holdings
Withdrawn status Lost status Damaged status Home library Current library Date acquired Full call number Accession Number Koha item type
      KAUAET KAUAET 07/04/2012 669 CLA/PH 5974 Books
free website counter